LIBRARY & INFORMATION CENTRE, KCAET, TAVANUR

ONLINE PUBLIC ACCESS CATALOGUE (OPAC)

Measurement of sediment yield under different field conditions using drop box weir with coshocton wheel (Record no. 15193)

MARC details
000 -LEADER
fixed length control field 00837nam a22002057a 4500
003 - CONTROL NUMBER IDENTIFIER
control field OSt
088 ## - REPORT NUMBER
Report number P 154
100 ## - MAIN ENTRY--AUTHOR NAME
Personal name ATHIRA S
245 ## - TITLE STATEMENT
Title Measurement of sediment yield under different field conditions using drop box weir with coshocton wheel
260 ## - PUBLICATION, DISTRIBUTION, ETC. (IMPRINT)
Place of publication Tavanur 2005
Name of publisher Kelappaji College of Agricultural Engineering and Technology
300 ## - PHYSICAL DESCRIPTION
Number of Pages 64
500 ## - GENERAL NOTE
General note Measurement of sediment yield under different field conditions using drop box weir with coshocton wheel
520 ## - SUMMARY, ETC.
Summary, etc Measurement of sediment yield under different field conditions using drop box weir with coshocton wheel
700 ## - ADDED ENTRY--PERSONAL NAME
Personal name Kala K. S
700 ## - ADDED ENTRY--PERSONAL NAME
Personal name Nidhi S. S
700 ## - ADDED ENTRY--PERSONAL NAME
Personal name Er. Sasikala D (Guide)
856 ## - ELECTRONIC LOCATION AND ACCESS
Uniform Resource Identifier https://drive.google.com/open?id=1cKxKhwdFWQM94IudnFizNvvraXuWy8J9
942 ## - ADDED ENTRY ELEMENTS (KOHA)
Koha item type Project Report
Holdings
Collection code Home library Current library Shelving location Full call number Accession Number Koha item type
Reference KAUAET KAUAET Reference 631.587 ATH/ME P 154 Project Report
free website counter